Textbook of fish culture: breeding and cultivation of fish
Gorde:
| Egile Nagusiak: | , |
|---|---|
| Formatua: | Liburua |
| Hizkuntza: | ingelesa |
| Argitaratua: |
Londres
Fishing News Books
1970
|
| Gaiak: | |
| Etiketak: |
Etiketa erantsi
Etiketarik gabe, Izan zaitez lehena erregistro honi etiketa jartzen!
|
MARC
| LEADER | 00000nam a2200000 a 4500 | ||
|---|---|---|---|
| 001 | UCY3275 | ||
| 003 | CL-VaPUC | ||
| 008 | 941220e19700000UK |||||||||||||||||eng|d | ||
| 082 | 0 | 4 | |a 639.3 |b HUE |2 21 |
| 100 | |a Huet, Marcel |e author |9 468426 | ||
| 700 | 0 | |a Timmermans, J. A |e author |9 331547 | |
| 245 | 1 | 0 | |a Textbook of fish culture: breeding and cultivation of fish |
| 300 | |a 436 p | ||
| 942 | |c BK | ||
| 945 | |d 19941220 00:00:00 |a mfernand | ||
| 260 | |a Londres |b Fishing News Books |c 1970 | ||
| 650 | 7 | |a PISCICULTURA |2 CL-VaPUC |9 259974 | |
| 650 | 7 | |a PECES MEJORAMIENTO |2 CL-VaPUC |9 261459 | |
| 583 | |a last modification |c 19941220 00:00:00 |k Rodrigo Vera | ||
| 999 | |c 231462 |d 231460 | ||
| 952 | |0 0 |1 0 |4 0 |6 639_300000000000000_HUE_1970 |7 0 |8 CCM |9 234747 |a BIBCUR |b BIBCUR |d 2019-11-15 |i 3044750 |o 639.3 HUE 1970 |p 3044750 |r 2025-04-22 |w 2019-11-15 |y BK |k CIM | ||
| 952 | |0 0 |1 0 |4 0 |6 639_300000000000000_HUE_1970 |7 0 |8 CCM |9 234748 |a BIBCUR |b BIBCUR |d 2019-11-15 |i 3961087 |o 639.3 HUE 1970 |p 3961087 |r 2025-04-22 |w 2019-11-15 |y BK |k CIM | ||